| 000 | 00381nam a2200145Ia 4500 | ||
|---|---|---|---|
| 008 | 240624s9999 xx 000 0 und d | ||
| 041 | _aeng | ||
| 082 | _a658.15224 ROS | ||
| 100 | _aROSS STEPHEN A | ||
| 245 | _aFUNDAMENTALS OF CORPORATE FINANCE | ||
| 250 | _a(9th ed.) | ||
| 260 |
_c2012 _aNew Delhi _bTata McGrawhill |
||
| 300 | _axxxi, : 882 : p. : cm. ; 25 | ||
| 365 |
_cRS _b33 |
||
| 999 |
_c25490 _d25490 |
||